Library of the University of Algiers 3
Ibrahim Sultan Cheibout
شعار جامعة الجزائر 3
مكتبة جامعة الجزائر 3
إبراهيم سلطان شيبوط

الجرائم المعلوماتية / (رقم التسجيلة. 42775)

تفاصيل مارك
000 -LEADER
fixed length control field 01612nam a2200241Ia 4500
003 - CONTROL NUMBER IDENTIFIER
control field Ost
005 - DATE AND TIME OF LATEST TRANSACTION
control field 20260507075059.0
008 - FIXED-LENGTH DATA ELEMENTS--GENERAL INFORMATION
fixed length control field 260507s9999||||xx |||||||||||||| ||und||
020 ## - INTERNATIONAL STANDARD BOOK NUMBER
International Standard Book Number 95328977
040 ## - CATALOGING SOURCE
Transcribing agency fsecg
041 ## - LANGUAGE CODE
Language code of text/sound track or separate title ara
082 ## - DEWEY DECIMAL CLASSIFICATION NUMBER
Classification number 1.6
100 ## - MAIN ENTRY--PERSONAL NAME
Personal name العريان، محمد علي
Relator term مؤلف
245 #0 - TITLE STATEMENT
Title الجرائم المعلوماتية /
Statement of responsibility, etc. محمد علي العريان
260 ## - PUBLICATION, DISTRIBUTION, ETC.
Place of publication, distribution, etc. الإسكندرية:
Name of publisher, distributor, etc. الدار الجامعة الجديدة,
Date of publication, distribution, etc. 2004
300 ## - PHYSICAL DESCRIPTION
Extent 263 صفحة؛
Dimensions 24 سم
490 ## - SERIES STATEMENT
Series statement المكتبة القانونية
504 ## - BIBLIOGRAPHY, ETC. NOTE
Bibliography, etc. note بيبليوغرافيا ص.253
520 ## - SUMMARY, ETC.
Summary, etc. جرائم المعلوماتية،ظاهرة المعلوماتية في مجال الجريمة،نظم الحاسب الآلي والمجرم المعلوماتي،الأساليب الغير مشروعة في ارتكاب الجريمة المعلوماتية،التقنيات المستخدمة في تدمير نظم المعلوماتية،الحماية الجنائية لنظم المعلوماتية،الحماية الجنائية للبرامج من خلال جرائم الأموال،أوجه الحماية المختلفة لنظم المعلوماتية في أطوار القوانين الخاصة،الإتجاهات الحديثة في الحماية القانونية لبرامج الحاسب الآلي،الحماية الدولية لبرامج الحاسب الآلي،الحماية الجنائية في ظل القانون المصري.
653 ## - INDEX TERM--UNCONTROLLED
Uncontrolled term الحواسيب
653 ## - INDEX TERM--UNCONTROLLED
Uncontrolled term جرائم المعلوماتية
942 ## - ADDED ENTRY ELEMENTS (KOHA)
Koha item type كتب
المقتنيات
Withdrawn status Lost status Source of classification or shelving scheme Damaged status Not for loan Home library Current library Date acquired Serial enumeration / chronology Inventory number Total checkouts Full call number Barcode Date last seen Price effective from Koha item type
    Dewey Decimal Classification   NOT LOAN / إعارة داخلية مكتبة كلية العلوم الإقتصادية والعلوم التجارية وعلوم التسيير مكتبة كلية العلوم الإقتصادية والعلوم التجارية وعلوم التسيير 07/05/2026 الطابق الأرضي 1059/1   أ/1059ن1 1059/1 07/05/2026 07/05/2026 كتب
    Dewey Decimal Classification   Available مكتبة كلية العلوم الإقتصادية والعلوم التجارية وعلوم التسيير مكتبة كلية العلوم الإقتصادية والعلوم التجارية وعلوم التسيير 07/05/2026 الطابق الأرضي 1059/2   أ/1059ن2 1059/2 07/05/2026 07/05/2026 كتب
    Dewey Decimal Classification   Available مكتبة كلية العلوم الإقتصادية والعلوم التجارية وعلوم التسيير مكتبة كلية العلوم الإقتصادية والعلوم التجارية وعلوم التسيير 07/05/2026 الطابق الأرضي 1059/3   أ/1059ن3 1059/3 07/05/2026 07/05/2026 كتب
    Dewey Decimal Classification   Available مكتبة كلية العلوم الإقتصادية والعلوم التجارية وعلوم التسيير مكتبة كلية العلوم الإقتصادية والعلوم التجارية وعلوم التسيير 07/05/2026 الطابق الثاني 1059/4   أ/1059ن4 1059/4 07/05/2026 07/05/2026 كتب
    Dewey Decimal Classification   Available مكتبة كلية العلوم الإقتصادية والعلوم التجارية وعلوم التسيير مكتبة كلية العلوم الإقتصادية والعلوم التجارية وعلوم التسيير 07/05/2026 الطابق الثاني 1059/5   أ/1059ن5 1059/5 07/05/2026 07/05/2026 كتب

موارد الويب المفتوحة


© University of Algiers 3 All Rights Reserved
|
Implemented by LECHELAH Riad